000 00841nam a2200277Ia 4500
003 OSt
005 20221005072214.0
006 a|||||r|||| 00| 0
007 ta
008 221004b |||||||| |||| 00| 0 eng d
020 _c250
024 _a85261
037 _b245, 31/03/2006, N. R. Book Distributors
_cTextual
040 _aCRL
_cCRL
_beng
041 _2eng
_aeng
082 _aI5:(P111:4k), N4
100 _aSantapau H.
_947491
245 0 _aDictionary of flowering plants in India
260 _aNew Delhi
_bCouncil of Scientific and Industrial Research India
_c1994
300 _a198p.
_ccm.
650 _a BOTANY
650 _aFLOWERS
700 _a Henry A. N.
942 _hI5:(P111:4k), N4
_cTEXL
_2cc
999 _c979028
_d979028